Human Rights Handbook For Parliamentarians (Record no. 1694)
[ view plain ]
| 000 -LEADER | |
|---|---|
| fixed length control field | 00399nam a22001217a 4500 |
| 008 - FIXED-LENGTH DATA ELEMENTS--GENERAL INFORMATION | |
| fixed length control field | 230620b xxu||||| |||| 00| 0 eng d |
| 020 ## - INTERNATIONAL STANDARD BOOK NUMBER | |
| International Standard Book Number | 9291422665 |
| 082 ## - DEWEY DECIMAL CLASSIFICATION NUMBER | |
| Classification number | 323 |
| Item number | UNI 2005 |
| 245 ## - TITLE STATEMENT | |
| Title | Human Rights Handbook For Parliamentarians |
| 260 ## - PUBLICATION, DISTRIBUTION, ETC. (IMPRINT) | |
| Place of publication, distribution, etc. | Switzerland |
| Name of publisher, distributor, etc. | Inter-Parliamentary Union and Office of the United Nations High Commissioner for Human Rights |
| Date of publication, distribution, etc. | 2005 |
| 300 ## - PHYSICAL DESCRIPTION | |
| Extent | IX,185p |
| 942 ## - ADDED ENTRY ELEMENTS (KOHA) | |
| Source of classification or shelving scheme | Dewey Decimal Classification |
| Koha item type | Books |
| Withdrawn status | Lost status | Source of classification or shelving scheme | Damaged status | Not for loan | Home library | Current library | Date acquired | Total Checkouts | Full call number | Barcode | Date last seen | Price effective from | Koha item type | Checked out |
|---|---|---|---|---|---|---|---|---|---|---|---|---|---|---|
| Dewey Decimal Classification | County Hall Archives | County Hall Archives | 06/20/2023 | 323 UNI 2005 | 10008876 | 06/20/2023 | 06/20/2023 | Books | ||||||
| Dewey Decimal Classification | County Hall Archives | County Hall Archives | 06/20/2023 | 323 UNI 2005 | 10009549 | 06/20/2023 | 06/20/2023 | Books | ||||||
| Dewey Decimal Classification | County Hall Archives | County Hall Archives | 06/20/2023 | 323 UNI 2005 | 10009333 | 06/20/2023 | 06/20/2023 | Books | ||||||
| Dewey Decimal Classification | County Hall Archives | County Hall Archives | 06/20/2023 | 323 UNI 2005 | 10009331 | 06/20/2023 | 06/20/2023 | Books | ||||||
| Dewey Decimal Classification | County Hall Archives | County Hall Archives | 06/20/2023 | 323 UNI 2005 | 10009332 | 06/20/2023 | 06/20/2023 | Books | ||||||
| Dewey Decimal Classification | County Hall Archives | County Hall Archives | 06/20/2023 | 323 UNI 2005 | 10009334 | 06/20/2023 | 06/20/2023 | Books | 06/11/2019 | |||||
| Dewey Decimal Classification | County Hall Archives | County Hall Archives | 06/20/2023 | 323 UNI 2005 | 10008877 | 06/20/2023 | 06/20/2023 | Books | ||||||
| Dewey Decimal Classification | County Hall Archives | County Hall Archives | 06/20/2023 | 323 UNI 2005 | 10000027 | 06/20/2023 | 06/20/2023 | Books |
